Carregant...
C P Achuthamenonum malayalavimarsanavum
| Autor principal: | |
|---|---|
| Format: | Printed Book |
| Publicat: |
Kottayam, DCB
1995
|
| LEADER | 004180000a22001330004500 | ||
|---|---|---|---|
| 040 | |a MAL | ||
| 082 | |a A8 ACH 09 N5 | ||
| 100 | |a Ambikasuthan Mangadu | ||
| 245 | |a C P Achuthamenonum malayalavimarsanavum | ||
| 260 | |a Kottayam, DCB | ||
| 260 | |c 1995 | ||
| 465 | |a R 25 | ||
| 999 | |c 27432 |d 27432 | ||
| 952 | |0 0 |1 0 |4 0 |6 A_8_ACH_090000000000000_N5 |7 0 |8 MAL |9 27270 |a MGUL |b MGUL |d 2013-07-16 |e R 25 |l 0 |o A8 ACH 09 N5 |p 24300 |r 2013-07-16 |w 2013-07-16 |y BK | ||